000
00260nam a2200121Ia 4500
008
190216s9999||||xx |||||||||||||| ||und||
100
_a
Eugene P Odum
245
0
_a
Ecology
260
_b
Amerind Oub Co
_c
1963
300
_a
152p
650
_a
Botany
942
_c
BK
999
_c
1324
_d
1324